Chlorofluorocarbons in the environment : the aerosol controversy /

Bibliographic Details
Corporate Authors: Fluostrat 78' Symposium Brighton, England, Society of Chemical Industry (Great Britain)
Other Authors: Sugden, T. M. (Theodore Morris), West, T. F. (Trustham Frederick)
Format: Conference Proceeding Book
Language:English
Published: Chichester [Sussex] : Ellis Horwood for the Society of Chemical Industry ; 1980.
Subjects:

MARC

Tag First Indicator Second Indicator Subfields
LEADER 00000cam a2200000 a 4500
001 in00000096121
005 20160104152157.0
008 810727s1980 enka b 10100 engm
010 |a  81479350  
015 |a GB*** 
020 |a 0853121370 (E. Horwood) 
020 |a 0470269375 (Halsted Press) 
035 |a (OCoLC)07737942 
035 |9 AAK8515AM 
040 |a DLC  |c DLC  |d m.c.  |d TXA  |d UtOrBLW 
049 |a TXAM  |c [1806197] 
050 0 0 |a TD887 C47  |b F57 1978 
082 0 |a 363.7/392  |2 19 
111 2 |a Fluostrat 78' Symposium  |d (1978 :  |c Brighton, England) 
245 1 0 |a Chlorofluorocarbons in the environment :  |b the aerosol controversy /  |c editors, T.M. Sugden and T.F. West. 
264 1 |a Chichester [Sussex] :  |b Ellis Horwood for the Society of Chemical Industry ;  |c 1980. 
264 2 |a New York, N.Y. :  |b Distributor, Halsted Press, 
300 |a 183 pages :  |b illustrations ;  |c 24 cm. 
336 |a text  |b txt  |2 rdacontent 
337 |a unmediated  |b n  |2 rdamedia 
338 |a volume  |b nc  |2 rdacarrier 
500 |a Held by the Society of Chemical Industry, Oct. 5-6, 1978. 
504 |a Includes bibliographies and indexes. 
650 0 |a Chlorofluorocarbons  |x Environmental aspects  |x Congresses. 
650 0 |a Aerosols  |x Environmental aspects  |x Congresses. 
650 0 |a Atmospheric ozone  |x Congresses. 
650 0 |a Stratosphere  |v Congresses. 
650 0 |a Air  |x Pollution  |v Congresses. 
700 1 |a Sugden, T. M.  |q (Theodore Morris) 
700 1 |a West, T. F.  |q (Trustham Frederick) 
710 2 |a Society of Chemical Industry (Great Britain) 
999 |a MARS 
999 f f |s 1310b9d1-f10e-36f9-a7eb-081f99c0ca08  |i ab996f70-8f53-3232-8131-acea9399132f  |t 0 
952 f f |p ric  |a Texas A&M University  |b Rellis Campus  |c Joint Library Facility  |d Remote Storage  |t 0  |e TD887 C47 F57 1978  |h Library of Congress classification  |i unmediated -- volume  |m A14806038676 
998 f f |a TD887 C47 F57 1978  |t 0  |l Remote Storage